[Event "Leamington Spa 4NCL op-B 26th"]
[Site "Leamington Spa"]
[Date "2021.09.11"]
[Round "2"]
[White "Bussmann, John"]
[Black "Dasgupta, Avyukt"]
[Result "1/2-1/2"]
[WhiteElo "1893"]
[BlackElo "1779"]
[PlyCount "107"]
[EventDate "2021.09.10"]
[EventType "swiss"]
[EventRounds "5"]
[EventCountry "ENG"]
[SourceTitle "EXT 2023"]
[Source "ChessBase"]
[SourceDate "2022.10.05"]
[SourceVersion "1"]
[SourceVersionDate "2022.10.05"]
[SourceQuality "1"]

1. e4 e6 2. d3 d5 3. Nd2 dxe4 4. dxe4 Nd7 5. Ngf3 Nb6 6. g3 Bd7 7. Bg2 Bb4 8. b3 Qf6 9. e5 Qd8 10. c4 Bc6 11. 0-0 g6 12. Qe2 Qd7 13. Bb2 Be7 14. Rfd1 Rd8 15. Ne4 Qc8 16. Rxd8+ Qxd8 17. Rd1 Qc8 18. Nd4 Bxe4 19. Qxe4 c6 20. Bh3 Kf8 21. Nc2 Nh6 22. Bc1 Kg7 23. Ne3 Rd8 24. Rxd8 Qxd8 25. Bf1 Nd7 26. Bb2 Nc5 27. Qc2 a5 28. Bc3 Qb6 29. Bg2 Nd7 30. Qd2 Qc7 31. Bxa5 b6 32. Bc3 c5 33. h3 Nb8 34. Kh2 Nc6 35. f4 Nb4 36. Bxb4 cxb4 37. Nc2 Qc5 38. Nd4 Nf5 39. Nxf5+ exf5 40. Qd7 Kf8 41. Qd2 h5 42. h4 Kg7 43. Bd5 Kf8 44. Bg2 Kg7 45. Qd7 Kf8 46. e6 fxe6 47. Qxe6 Qd6 48. Bd5 Qxe6 49. Bxe6 Bc5 50. Kg2 Kg7 51. Kf3 Kf6 52. Bc8 Ke7 53. Bb7 Kf6 54. Bd5 1/2-1/2

[Event "Gibraltar Amateurs op-A"]
[Site "Caleta"]
[Date "2020.01.23"]
[Round "4"]
[White "Bussmann, John"]
[Black "Teh, Wee Zhun"]
[Result "0-1"]
[WhiteElo "1752"]
[BlackElo "1857"]
[PlyCount "102"]
[EventDate "2020.01.20"]
[EventType "swiss"]
[EventRounds "5"]
[EventCountry "GGB"]
[SourceTitle "CBM 194 Extra"]
[Source "ChessBase"]
[SourceDate "2020.03.31"]
[SourceVersion "1"]
[SourceVersionDate "2020.03.31"]
[SourceQuality "1"]

1. Nf3 d5 2. g3 c6 3. Bg2 Nf6 4. d3 Bg4 5. Nbd2 Nbd7 6. c4 e6 7. 0-0 Be7 8. b3 0-0 9. Bb2 a5 10. a3 Qb8 11. d4 h6 12. Re1 Bf5 13. Ne5 Rd8 14. f4 Ng4 15. e4 Ngxe5 16. fxe5 dxe4 17. Bxe4 Bxe4 18. Rxe4 f5 19. exf6 Bxf6 20. Qh5 Qd6 21. Rae1 Nf8 22. Nf3 Qe7 23. Bc1 Qf7 24. Qh3 b5 25. Rf1 Qg6 26. Rg4 Qh7 27. Qh5 Qf5 28. Ng5 hxg5 29. Rxf5 exf5 30. Rxg5 Bxg5 31. Qxg5 Rxd4 32. cxb5 cxb5 33. Bb2 Rd1+ 34. Kg2 Ra7 35. Kf3 Rad7 36. h4 R7d3+ 37. Ke2 Rd7 38. Bc3 R1d3 39. Bxa5 Rxb3 40. Bb4 Ne6 41. Qh5 Rf7 42. Qg6 Nd4+ 43. Kd2 Nf3+ 44. Ke2 Nd4+ 45. Kf1 f4 46. g4 Rf3+ 47. Kg2 Rg3+ 48. Kf2 Rf3+ 49. Ke1 Re3+ 50. Kf1 Rc7 51. Qb6 Rc1+ 0-1

[Event "London Chess Classic op 10th"]
[Site "London"]
[Date "2018.12.12"]
[Round "4"]
[White "Bussmann, John"]
[Black "Sartain, Patrick"]
[Result "1-0"]
[WhiteElo "1658"]
[BlackElo "1525"]
[PlyCount "73"]
[EventDate "2018.12.09"]
[EventType "swiss"]
[EventRounds "5"]
[EventCountry "ENG"]
[SourceTitle "EXT 2021"]
[Source "ChessBase"]
[SourceDate "2020.10.23"]
[SourceVersion "1"]
[SourceVersionDate "2020.10.23"]
[SourceQuality "1"]

1. e4 Nc6 2. f4 e6 3. Nf3 Bc5 4. d4 Bb6 5. h3 d5 6. e5 a6 7. Be3 Bd7 8. Be2 Nge7 9. 0-0 Nf5 10. Bf2 h6 11. c3 g5 12. Qd2 gxf4 13. Qxf4 Qe7 14. g4 Rg8 15. Kh2 Ng7 16. Bh4 Qf8 17. Qxh6 Ne7 18. Qf6 Ng6 19. Bg3 c6 20. Qg5 Bd8 21. Qe3 Rh8 22. Nbd2 Bh4 23. Nxh4 Nxh4 24. Qg5 Ng6 25. Bd3 Qe7 26. Rf6 Kd8 27. Bxg6 fxg6 28. Rxg6 Qxg5 29. Rxg5 Rh7 30. Rf1 Ne8 31. Rf8 Kc7 32. Rgg8 b5 33. Nb3 Rc8 34. Nc5 Rg7 35. Rxg7 Nxg7 36. Rf7 Rg8 37. Rxd7+ 1-0